[Event "European Youth Chess Championship G10"]
[Site "Prague, Top Hotel Prague"]
[Date "2016.08.19"]
[Round "2.7"]
[White "Nguyen, Phuong Thao Vivien"]
[Black "Jovanovic, Anja"]
[Result "1-0"]
[WhiteElo "1578"]
[BlackElo "1372"]
[PlyCount "122"]
[EventDate "2016.08.18"]

1. e4 e5 2. Nf3 Nc6 3. Bc4 Bc5 4. O-O Nf6 5. d4 Bxd4 6. Nxd4 Nxd4 7. f4 d6 8.
fxe5 dxe5 9. Bg5 Qe7 10. Na3 Bd7 11. Bxf6 gxf6 12. c3 Nc6 13. Qf3 f5 14. exf5
f6 15. Qh5+ Kd8 16. Rad1 Kc8 17. Kh1 a6 18. Rf2 Kb8 19. Rfd2 Be8 20. Qg4 Ka7
21. Nc2 Rd8 22. Rxd8 Nxd8 23. Nb4 Bf7 24. Qg7 Rg8 25. Qxh7 Qf8 26. Bxf7 Rg7 27.
Qh6 Nxf7 28. Qxf6 Qg8 29. g3 Rh7 30. Qg6 Rg7 31. Qh5 Rh7 32. Qf3 e4 33. Qe3+
Kb8 34. Nc2 Kc8 35. Qxe4 Nd6 36. Qe6+ Qxe6 37. fxe6 Nf5 38. Kg2 Re7 39. Re1 Rg7
40. Re4 Kd8 41. Nd4 Nd6 42. Re2 c5 43. Nf3 Ke7 44. h4 Nf5 45. Ng5 b5 46. Kf3 b4
47. Kf4 Nd6 48. h5 bxc3 49. bxc3 Kf6 50. Ne4+ Nxe4 51. Rxe4 Ke7 52. g4 Rg8 53.
g5 Rf8+ 54. Kg4 Rf1 55. h6 Rg1+ 56. Kh5 Rf1 57. h7 Rf2 58. Kh6 Rf8 59. Kg7 Ke8
60. h8=Q Rxh8 61. Kxh8 Ke7 1-0

[Event "European Youth Chess Championship G10"]
[Site "Prague, Top Hotel Prague"]
[Date "2016.08.19"]
[Round "2.8"]
[White "Markus, Molli Amina"]
[Black "Karacsonyi, Kata"]
[Result "1-0"]
[WhiteElo "1324"]
[BlackElo "1544"]
[PlyCount "59"]
[EventDate "2016.08.18"]

1. e4 c5 2. Nf3 e6 3. d4 cxd4 4. Nxd4 Nf6 5. Nc3 Qb6 6. Nb3 Bb4 7. Qf3 Qc6 8.
Nd2 O-O 9. Bb5 Qc5 10. Ba4 Qd4 11. Bb3 Qe5 12. O-O Bd6 13. Qh3 Qc5 14. Nc4 Bc7
15. Be3 Qc6 16. Nd2 d5 17. Ba4 Qa6 18. Bc5 e5 19. Bb5 Qa5 20. b4 Qa3 21. Qg3
Nh5 22. Qf3 Rd8 23. Be7 dxe4 24. Ndxe4 Rd4 25. Qxh5 h6 26. Be8 Be6 27. Nb5 Qa4
28. Nxc7 Qxc2 29. Nxe6 Qxe4 30. Qxf7+ 1-0

[Event "European Youth Chess Championship G10"]
[Site "Prague, Top Hotel Prague"]
[Date "2016.08.19"]
[Round "2.9"]
[White "Karaivanova, Petya"]
[Black "Kanteraki, Maria-Myrto"]
[Result "0-1"]
[WhiteElo "1534"]
[BlackElo "1368"]
[PlyCount "120"]
[EventDate "2016.08.18"]

1. e4 d5 2. exd5 Qxd5 3. Nc3 Qd6 4. d4 Nf6 5. g3 Nc6 6. Be3 Ng4 7. Nb5 Qd8 8.
Bf4 e5 9. dxe5 Ngxe5 10. Qxd8+ Kxd8 11. O-O-O+ Bd7 12. Bh3 a6 13. Bxe5 Nxe5 14.
f4 Kc8 15. Nxc7 Kxc7 16. fxe5 Bc6 17. Nf3 Bxf3 18. Rd7+ Kb6 19. Rf1 Bh5 20. Bg2
Rb8 21. h3 Bc5 22. g4 Bg6 23. Rfd1 Rhc8 24. c3 Be3+ 25. R1d2 Bxd2+ 26. Rxd2 Re8
27. Rd6+ Kc7 28. Rd5 Rbd8 29. Rc5+ Kb6 30. b4 Rd3 31. a4 Re3 32. a5+ Ka7 33.
Rc7 Rb8 34. Rc5 Be4 35. Kd2 Rd3+ 36. Ke2 Bg6 37. c4 Rbd8 38. Bd5 Rxh3 39. Rc7
Rb8 40. b5 axb5 41. c5 Ka6 42. c6 bxc6 43. Rxc6+ Kxa5 44. Rc1 Re8 45. e6 fxe6
46. Bc6 Bd3+ 47. Kf2 Rf8+ 48. Kg2 Bf1+ 49. Rxf1 Rxf1 50. Kxh3 b4 51. Bg2 Rc1
52. Kh4 b3 53. g5 b2 54. Be4 Rc4 55. Kh5 Rxe4 56. g6 hxg6+ 57. Kxg6 b1=Q 58.
Kxg7 Qf1 59. Kg8 Rg4+ 60. Kh7 Qh1# 0-1

[Event "European Youth Chess Championship G10"]
[Site "Prague, Top Hotel Prague"]
[Date "2016.08.19"]
[Round "2.10"]
[White "Andrasunaite, Rusne"]
[Black "Shuqja, Klean"]
[Result "0-1"]
[WhiteElo "1312"]
[BlackElo "1513"]
[PlyCount "54"]
[EventDate "2016.08.18"]

1. e4 e5 2. d4 exd4 3. c3 d3 4. Bxd3 Nf6 5. e5 Qe7 6. Qe2 Nd5 7. Nf3 d6 8. O-O
Bg4 9. Qe4 Be6 10. exd6 Qxd6 11. Re1 Nd7 12. Bg5 Nc5 13. Qe2 Nf4 14. Bxf4 Qxf4
15. Nbd2 O-O-O 16. Bc4 g5 17. Bxe6+ Nxe6 18. h3 g4 19. hxg4 Qxg4 20. Ne4 Nf4
21. Qf1 Rg8 22. Ng3 Bc5 23. Ne5 Qxg3 24. Kh1 Qh4+ 25. Kg1 Nh3+ 26. Kh2 Nxf2+
27. Kg1 Qh1# 0-1

[Event "European Youth Chess Championship G10"]
[Site "Prague, Top Hotel Prague"]
[Date "2016.08.19"]
[Round "2.11"]
[White "Melenchuk, Olga"]
[Black "Veremiuk, Veronika"]
[Result "0-1"]
[WhiteElo "1507"]
[BlackElo "1330"]
[PlyCount "116"]
[EventDate "2016.08.18"]

1. Nf3 d5 2. d4 Nf6 3. g3 e6 4. Bg2 Be7 5. O-O O-O 6. c4 c6 7. Qc2 Nbd7 8. Rd1
b6 9. b3 Bb7 10. Nc3 Rc8 11. e4 dxe4 12. Ng5 Qe8 13. Ngxe4 Nxe4 14. Nxe4 Nf6
15. Nxf6+ Bxf6 16. Ba3 Be7 17. Bxe7 Qxe7 18. Qb2 Rfd8 19. b4 Rd7 20. Rd3 Qf6
21. Rad1 Rcd8 22. a4 Qe7 23. b5 cxb5 24. axb5 Bxg2 25. Kxg2 Rd6 26. Qb3 Qb7+
27. Kg1 Qc7 28. Qc2 Rd5 29. Qc3 R5d7 30. Kf1 Qb7 31. h3 Qc7 32. Ke2 h6 33. c5
Rd5 34. Qc4 e5 35. c6 exd4 36. Kf1 Rc5 37. Qb4 Rdd5 38. Rxd4 Rxb5 39. Qa4 Rxd4
40. Rxd4 Qxc6 41. Rd8+ Kh7 42. Qf4 Qf6 43. Qxf6 gxf6 44. Rd7 a5 45. Rxf7+ Kg6
46. Rb7 a4 47. Rd7 a3 48. Rd1 a2 49. Ra1 Rb1+ 50. Rxb1 axb1=Q+ 51. Kg2 Qe1 52.
f4 Kf5 53. g4+ Kxf4 54. h4 Kxg4 55. h5 Qe3 56. Kf1 Qd2 57. Kg1 Kg3 58. Kh1 Qe1#
0-1

[Event "European Youth Chess Championship G10"]
[Site "Prague, Top Hotel Prague"]
[Date "2016.08.19"]
[Round "2.12"]
[White "Pawicka, Magdalena"]
[Black "Kecskemeti, Admira Aida"]
[Result "1-0"]
[WhiteElo "1501"]
[BlackElo "1300"]
[PlyCount "59"]
[EventDate "2016.08.18"]

1. e4 c6 2. Nc3 d5 3. Qe2 e6 4. g3 d4 5. Nd1 e5 6. d3 Nf6 7. f4 Bd6 8. Nf3 Bg4
9. Bg2 Nbd7 10. f5 O-O 11. O-O c5 12. Nf2 Bxf3 13. Bxf3 b5 14. g4 Nb6 15. h4
Qd7 16. g5 Ne8 17. Kh1 Kh8 18. Rg1 Nc7 19. h5 c4 20. g6 fxg6 21. hxg6 hxg6 22.
Rxg6 Rf6 23. Bh5 Ne8 24. Bg5 Rf8 25. Qg4 Nc8 26. Rg1 Rg8 27. Qh4 Rf8 28. Rxd6
Qxd6 29. Bg6+ Kg8 30. Qh7# 1-0

[Event "European Youth Chess Championship G10"]
[Site "Prague, Top Hotel Prague"]
[Date "2016.08.19"]
[Round "2.13"]
[White "Deleu, Karen"]
[Black "Vicze, Kata"]
[Result "0-1"]
[WhiteElo "1293"]
[BlackElo "1495"]
[PlyCount "42"]
[EventDate "2016.08.18"]

1. e4 c5 2. c3 d5 3. exd5 Qxd5 4. d4 Nc6 5. dxc5 Qxd1+ 6. Kxd1 e5 7. Be3 f5 8.
g3 Nf6 9. Nd2 Be6 10. Bg2 h6 11. f4 exf4 12. gxf4 Ng4 13. Nf1 Nxe3+ 14. Nxe3
Bxc5 15. Nf1 O-O-O+ 16. Kc2 Rd7 17. Re1 Bc4 18. b3 Bd3+ 19. Kc1 Ba3+ 20. Kd2
Bxf1+ 21. Kc2 Bxg2 0-1

[Event "European Youth Chess Championship G10"]
[Site "Prague, Top Hotel Prague"]
[Date "2016.08.19"]
[Round "2.14"]
[White "Fedoricheva, Ekaterina"]
[Black "Mamardashvili, Ana"]
[Result "1/2-1/2"]
[WhiteElo "1463"]
[BlackElo "1292"]
[PlyCount "114"]
[EventDate "2016.08.18"]

1. c4 e6 2. Nc3 d5 3. cxd5 exd5 4. d3 Nf6 5. Nf3 Nc6 6. g3 h6 7. Bg2 Be6 8. O-O
Be7 9. a3 O-O 10. d4 Bd6 11. h3 Qd7 12. Kh2 a5 13. Nb5 Be7 14. Bf4 Rac8 15. a4
Ne8 16. Rc1 Nd6 17. Qb3 Nc4 18. Na3 Bxa3 19. bxa3 b6 20. Qb5 Ne7 21. Qxd7 Bxd7
22. Ne5 Nxe5 23. Bxe5 Bc6 24. Rc2 f6 25. Bf4 g5 26. Be3 Bxa4 27. Rc3 Bb5 28.
Bf3 c6 29. h4 Kg7 30. Rb1 Rb8 31. Kh3 Kg6 32. h5+ Kg7 33. Bg2 Bxe2 34. g4 Bc4
35. f4 Ng8 36. f5 b5 37. Bf1 Bxf1+ 38. Rxf1 b4 39. Rb3 Rb7 40. Rfb1 Rfb8 41.
Bd2 Ne7 42. Kg2 Nc8 43. axb4 axb4 44. Rxb4 Rxb4 45. Rxb4 Rxb4 46. Bxb4 Na7 47.
Bc5 Nb5 48. Kg3 Kf7 49. Kf3 Nc3 50. Ke3 Nd1+ 51. Ke2 Nc3+ 52. Ke3 Nd1+ 53. Ke2
Nc3+ 54. Kf3 Ne4 55. Bb4 Kg7 56. Kg2 Kf7 57. Kf3 Kg7 1/2-1/2

[Event "European Youth Chess Championship G10"]
[Site "Prague, Top Hotel Prague"]
[Date "2016.08.19"]
[Round "2.15"]
[White "Kucharska, Helena"]
[Black "Gasparyan, Milena"]
[Result "1/2-1/2"]
[WhiteElo "1206"]
[BlackElo "1459"]
[PlyCount "142"]
[EventDate "2016.08.18"]

1. d4 Nf6 2. e3 e6 3. Bd3 d5 4. f4 c5 5. c3 Nc6 6. Nf3 cxd4 7. exd4 Bd6 8. Ne5
O-O 9. O-O Nd7 10. Nd2 Ndxe5 11. fxe5 Be7 12. Nf3 f6 13. Bf4 f5 14. Qe1 Qe8 15.
Be2 Qg6 16. Nh4 Qf7 17. Nf3 Bd7 18. Nd2 Qg6 19. Qd1 Bg5 20. Bxg5 Qxg5 21. Rf3
f4 22. Rh3 Be8 23. Nf3 Qe7 24. Bd3 Bg6 25. Qc2 Bf5 26. Bxf5 Rxf5 27. Rf1 Raf8
28. Nd2 Qg5 29. Nf3 Qe7 30. Nd2 Qf7 31. Nb3 Rh5 32. Rff3 Rf5 33. Rf1 Qg6 34.
Nc1 f3 35. g3 f2+ 36. Kg2 Na5 37. b3 b6 38. Ne2 Qg4 39. Qd3 h6 40. Rh4 Qg5 41.
Rh3 Rf3 42. Qd1 Qe3 43. Rh5 Qe4 44. Rh4 R3f4+ 45. Kh3 Rxh4+ 46. gxh4 Qf3+ 47.
Ng3 Qxc3 48. Kg2 Qe3 49. Qg4 Kh8 50. Nh5 Rf7 51. Qg3 Qxg3+ 52. hxg3 Nc6 53. Nf4
Nxd4 54. Rxf2 Nf5 55. Nxe6 Ne3+ 56. Kg1 Rxf2 57. Kxf2 Ng4+ 58. Ke2 Nxe5 59. Nc7
d4 60. Ne6 Nc6 61. a3 Kg8 62. Kd3 Kf7 63. Nxd4 Nxd4 64. Kxd4 Ke6 65. Ke4 g5 66.
hxg5 hxg5 67. g4 a6 68. Kd4 Kd6 69. b4 b5 70. Ke4 Ke6 71. Kd4 Kd6 1/2-1/2

[Event "European Youth Chess Championship G10"]
[Site "Prague, Top Hotel Prague"]
[Date "2016.08.19"]
[Round "2.16"]
[White "Alimova, Dana"]
[Black "Smetisko, Renata"]
[Result "1-0"]
[WhiteElo "1451"]
[BlackElo "1138"]
[PlyCount "113"]
[EventDate "2016.08.18"]

1. e4 e5 2. Nf3 d6 3. d4 exd4 4. Nxd4 Nf6 5. Nc3 Bd7 6. Be2 Nc6 7. O-O Be7 8.
Be3 Nxd4 9. Qxd4 O-O 10. f4 Ng4 11. Bxg4 Bxg4 12. h3 Bd7 13. Nd5 c6 14. Nxe7+
Qxe7 15. Rad1 d5 16. e5 Qe6 17. f5 Qe8 18. f6 gxf6 19. exf6 Kh8 20. Bh6 Qe2 21.
Bg7+ Kg8 22. Bxf8 Rxf8 23. Qf2 Qe5 24. Qf4 Qh5 25. Qg3+ Qg6 26. Qxg6+ fxg6 27.
Rfe1 Bf5 28. c3 Rxf6 29. g4 Kf7 30. gxf5 gxf5 31. Re5 Kg6 32. Re7 Kh6 33. Rxb7
Rg6+ 34. Kh2 Kg5 35. Rg1+ Kf4 36. Rxg6 hxg6 37. Kg2 c5 38. Rxa7 d4 39. cxd4
cxd4 40. Re7 d3 41. Kf2 g5 42. a4 g4 43. hxg4 fxg4 44. a5 g3+ 45. Kg2 d2 46.
Rd7 Ke3 47. a6 Ke2 48. a7 d1=Q 49. Rxd1 Kxd1 50. a8=Q Kc1 51. Kxg3 Kd1 52. Qg2
Kc1 53. Kf3 Kb1 54. b4 Ka1 55. Ke3 Kb1 56. Kd3 Kc1 57. Qc2# 1-0

[Event "European Youth Chess Championship G10"]
[Site "Prague, Top Hotel Prague"]
[Date "2016.08.19"]
[Round "2.17"]
[White "Li, Darina"]
[Black "Zavivaeva, Emilia"]
[Result "1/2-1/2"]
[WhiteElo "1182"]
[BlackElo "1443"]
[PlyCount "137"]
[EventDate "2016.08.18"]

1. e4 e6 2. d4 d5 3. exd5 exd5 4. Bd3 Nc6 5. Nf3 Bd6 6. Be3 Bg4 7. Nbd2 Nge7 8.
c3 Qd7 9. Qc2 f6 10. Qb3 O-O-O 11. O-O-O Bf5 12. Qc2 Bxd3 13. Qxd3 Nf5 14. Rhe1
Rhe8 15. Re2 Nxe3 16. Rxe3 Rxe3 17. Qxe3 Re8 18. Qd3 f5 19. Re1 Rxe1+ 20. Nxe1
Ne7 21. Qh3 Qe6 22. Nd3 Qe2 23. Qf3 Qe6 24. Qh5 Qg6 25. Qxg6 Nxg6 26. Nf3 Nf4
27. Nxf4 Bxf4+ 28. Kc2 Kd7 29. g3 Bd6 30. Ne5+ Ke6 31. f4 g5 32. fxg5 Bxe5 33.
dxe5 Kxe5 34. Kd3 f4 35. g4 f3 36. Ke3 f2 37. Kxf2 Kf4 38. h3 Kxg5 39. Kg3 c5
40. h4+ Kf6 41. Kf4 b5 42. g5+ Kg6 43. Kg4 b4 44. h5+ Kf7 45. cxb4 c4 46. Kf4
d4 47. Ke4 d3 48. Ke3 Ke6 49. a4 Kf5 50. g6 hxg6 51. hxg6 Kxg6 52. b3 cxb3 53.
Kxd3 Kf6 54. Kc3 Ke5 55. Kxb3 Kd5 56. Kc3 Kd6 57. Kd4 Kc6 58. Kc4 Kb6 59. Kd5
Kb7 60. Kc5 Kc7 61. Kb5 Kb7 62. a5 a6+ 63. Kc5 Kc7 64. Kd5 Kd7 65. b5 axb5 66.
a6 Kc7 67. a7 Kb7 68. Kc5 Kxa7 69. Kxb5 1/2-1/2

[Event "European Youth Chess Championship G10"]
[Site "Prague, Top Hotel Prague"]
[Date "2016.08.19"]
[Round "2.20"]
[White "Oz, Irem Ezra"]
[Black "Karavitaki, Antonia"]
[Result "1-0"]
[WhiteElo "1403"]
[BlackElo "1115"]
[PlyCount "85"]
[EventDate "2016.08.18"]

1. e4 c5 2. Nf3 d6 3. d4 cxd4 4. Nxd4 Nf6 5. Nc3 g6 6. Be2 Bg7 7. O-O O-O 8.
Re1 Nc6 9. Nb3 Be6 10. Bf1 a5 11. a4 Bxb3 12. cxb3 Nb4 13. Bg5 e6 14. Nb5 h6
15. Bxf6 Bxf6 16. Nxd6 Bxb2 17. Rb1 Be5 18. Nc4 Bc7 19. Qxd8 Rfxd8 20. Red1
Rac8 21. g3 Bb8 22. Nxa5 b6 23. Nb7 Rxd1 24. Rxd1 Bc7 25. Rc1 Kf8 26. Nd6 Rd8
27. Nxf7 Kxf7 28. Rxc7+ Kf6 29. f4 g5 30. e5+ Kf5 31. Bh3+ g4 32. Bg2 Rd1+ 33.
Kf2 Rb1 34. Rc4 Rb2+ 35. Kg1 Rb1+ 36. Bf1 Rxb3 37. Rxb4 Rxb4 38. Bd3+ Re4 39.
Kf2 h5 40. Bc2 h4 41. Bd3 hxg3+ 42. hxg3 Kg6 43. Bxe4+ 1-0

[Event "European Youth Chess Championship G10"]
[Site "Prague, Top Hotel Prague"]
[Date "2016.08.19"]
[Round "2.26"]
[White "Zabrzanska, Weronika"]
[Black "Aydin, Gulenay"]
[Result "1-0"]
[WhiteElo "1486"]
[BlackElo "1373"]
[PlyCount "147"]
[EventDate "2016.08.18"]

1. e4 c5 2. Nf3 d6 3. c3 Nf6 4. Be2 g6 5. O-O Bg7 6. Re1 O-O 7. Bf1 Nc6 8. d4
cxd4 9. cxd4 Bg4 10. d5 Ne5 11. Nbd2 Rc8 12. h3 Nxf3+ 13. Nxf3 Bd7 14. Qb3 b6
15. Bf4 Rc7 16. e5 dxe5 17. Bxe5 Rc5 18. d6 e6 19. Bd4 Rc6 20. Rad1 Ne8 21.
Bxg7 Kxg7 22. Qa3 a5 23. Bb5 Rc5 24. Bxd7 Qxd7 25. Ne5 Qd8 26. Qa4 Nxd6 27. Qd4
Rd5 28. Qc3 Nb5 29. Qb3 Nd4 30. Rxd4 Rxd4 31. Nc6 Qf6 32. Nxd4 Qxd4 33. Rd1 Qc5
34. Qg3 Rc8 35. Qg4 Rc7 36. Qg3 h6 37. b3 b5 38. Qf4 Rc6 39. Qd2 Qc3 40. Qd7
Qc5 41. Qd2 a4 42. bxa4 bxa4 43. Qb2+ Qc3 44. Qb5 Rc4 45. a3 Re4 46. Qb1 Re5
47. Qa2 Re1+ 48. Rxe1 Qxe1+ 49. Kh2 Qc3 50. Kg1 Kf6 51. Kh2 Ke7 52. Kg1 Kd6 53.
Kh2 Kc5 54. Kg1 Kd4 55. Kh2 h5 56. Kg1 Kc5 57. Kh2 Kd6 58. Kg1 f5 59. Kh1 Ke7
60. Kg1 Kf6 61. Kh2 e5 62. Kg1 f4 63. Qg8 Qc7 64. h4 Qe7 65. Qc4 Qxa3 66. Qc6+
Kf7 67. Qd5+ Kf6 68. Qc6+ Kf5 69. Qc8+ Kf6 70. Qc6+ Kf7 71. Qd5+ Kf6 72. Qc6+
Kf5 73. Qc8+ Kf6 74. Qc6+ {time} 1-0

[Event "European Youth Chess Championship G10"]
[Site "Prague, Top Hotel Prague"]
[Date "2016.08.19"]
[Round "2.27"]
[White "Gagua, Nani"]
[Black "Bialek, Alicja"]
[Result "0-1"]
[WhiteElo "1382"]
[BlackElo "1182"]
[PlyCount "122"]
[EventDate "2016.08.18"]

1. e4 c5 2. Nc3 a6 3. f4 b5 4. Nf3 Bb7 5. d3 e6 6. Be2 d5 7. exd5 exd5 8. a3
Nf6 9. O-O d4 10. Na2 Nc6 11. c3 Be7 12. cxd4 Nxd4 13. Be3 Nxe2+ 14. Qxe2 O-O
15. Rad1 Re8 16. Rfe1 Bd6 17. Qf2 Ng4 18. Qd2 Rxe3 19. Rxe3 Bxf4 20. Re8+ Qxe8
21. Qxf4 Qe3+ 22. Qxe3 Nxe3 23. Re1 Nd5 24. Nc3 Nf4 25. Re3 Rd8 26. Ne2 Nxd3
27. b3 f6 28. Re7 Bxf3 29. gxf3 Ne5 30. f4 Ng6 31. Re6 Rd3 32. Rxa6 Rxb3 33.
Ra8+ Kf7 34. Kf2 Nh4 35. Nc1 Rf3+ 36. Ke2 Rxf4 37. Ra7+ Kg6 38. Nd3 Re4+ 39.
Kf2 c4 40. Nb4 Nf5 41. a4 bxa4 42. Rxa4 c3 43. Ra3 Rxb4 44. Rxc3 Rb2+ 45. Kg1
Nd4 46. Rg3+ Kf7 47. Rg2 Nf3+ 48. Kf1 Nxh2+ 49. Kg1 Rxg2+ 50. Kxg2 Ng4 51. Kg3
h5 52. Kh3 g5 53. Kg3 f5 54. Kf3 h4 55. Kg2 f4 56. Kh1 f3 57. Kg1 f2+ 58. Kg2
h3+ 59. Kxh3 Ne3 60. Kg3 f1=Q 61. Kh2 Qg2# 0-1

[Event "European Youth Chess Championship G10"]
[Site "Prague, Top Hotel Prague"]
[Date "2016.08.19"]
[Round "2.29"]
[White "Volovich, Julia"]
[Black "Trasakova, Adela"]
[Result "1-0"]
[WhiteElo "1435"]
[BlackElo "1052"]
[PlyCount "129"]
[EventDate "2016.08.18"]

1. d4 c6 2. c4 d5 3. Nf3 Nf6 4. Qc2 Bg4 5. Ne5 Bh5 6. Bf4 e6 7. e3 Nbd7 8. Qb3
Qa5+ 9. Nc3 Qb4 10. Qxb4 Bxb4 11. Bd3 O-O 12. Nxd7 Nxd7 13. a3 Bxc3+ 14. bxc3
Rfc8 15. Rb1 b6 16. Kd2 c5 17. cxd5 exd5 18. Ba6 Re8 19. Bb7 Rad8 20. Bc7 Bg6
21. Rb2 Nf6 22. Bxd8 Ne4+ 23. Kc1 Rxd8 24. Ba6 Nxc3 25. Rb3 Ne4 26. f3 Nd6 27.
dxc5 bxc5 28. Be2 f6 29. Rd1 Bf7 30. Rb2 Nf5 31. Rd3 Re8 32. e4 Ne7 33. exd5
Nxd5 34. Rbd2 a6 35. Bf1 Re1+ 36. Rd1 Rxd1+ 37. Rxd1 h6 38. Bxa6 Ne3 39. Rd8+
Kh7 40. Bd3+ Bg6 41. Bxg6+ Kxg6 42. Rd2 Nc4 43. Ra2 Kf5 44. a4 Ke5 45. a5 g5
46. a6 Nb6 47. a7 Kd4 48. a8=Q Nxa8 49. Rxa8 c4 50. Re8 Kd3 51. Re6 f5 52. Rxh6
g4 53. Rf6 gxf3 54. gxf3 c3 55. Rxf5 c2 56. Rc5 Ke3 57. Rxc2 Kxf3 58. Rc4 Kg2
59. h4 Kf3 60. h5 Ke3 61. Kb2 Kd3 62. Kb3 Ke3 63. h6 Kd3 64. h7 Ke3 65. h8=Q
1-0

[Event "European Youth Chess Championship G10"]
[Site "Prague, Top Hotel Prague"]
[Date "2016.08.19"]
[Round "2.30"]
[White "Szuscikova, Natalie"]
[Black "Butenandt, Svenja"]
[Result "1-0"]
[WhiteElo "1163"]
[BlackElo "1501"]
[PlyCount "47"]
[EventDate "2016.08.18"]

1. e4 d5 2. exd5 Qxd5 3. Nc3 Qd8 4. d4 g6 5. Bc4 Bg7 6. Nf3 Nh6 7. Be3 Nf5 8.
O-O O-O 9. Qd2 b6 10. Rad1 Bb7 11. Ng5 Qd7 12. Nge4 Rd8 13. Bb5 c6 14. Bc4 Nxd4
15. Bxd4 Bxd4 16. Qh6 Ba6 17. Bxa6 Nxa6 18. Ng5 e5 19. Nce4 Qf5 20. Nxh7 Bxf2+
21. Nxf2 Nc5 22. Rxd8+ Rxd8 23. Nh3 Qd7 24. Nf6# 1-0

[Event "European Youth Chess Championship G10"]
[Site "Prague, Top Hotel Prague"]
[Date "2016.08.19"]
[Round "2.31"]
[White "Denschik, Alexandra"]
[Black "Mikheeva, Galina"]
[Result "0-1"]
[WhiteElo "1147"]
[BlackElo "1477"]
[PlyCount "84"]
[EventDate "2016.08.18"]

1. e4 e5 2. Nf3 Nc6 3. d4 exd4 4. Nxd4 Nf6 5. Nc3 Bb4 6. Nxc6 bxc6 7. Bd3 d5 8.
exd5 Qe7+ 9. Be2 Nxd5 10. Bd2 Bxc3 11. Bxc3 Nxc3 12. bxc3 Ba6 13. Rb1 O-O 14.
Kf1 Bxe2+ 15. Qxe2 Qxe2+ 16. Kxe2 Rfe8+ 17. Kf1 Rad8 18. g3 Rd2 19. Rc1 Ree2
20. Rb1 Rxf2+ 21. Ke1 g6 22. a4 Rfe2+ 23. Kf1 Re4 24. Rb7 Rxa4 25. Ke1 Rxc2 26.
Rb8+ Kg7 27. Rd8 Ra1+ 28. Rd1 Rxd1+ 29. Kxd1 Rxc3 30. Kd2 Rc5 31. Ra1 a5 32.
Kd3 Kf6 33. Rf1+ Ke6 34. Re1+ Re5 35. Rc1 Kd6 36. Rf1 f5 37. Rf4 Re4 38. Rf2
Kc5 39. Rc2+ Kb5 40. h3 c5 41. Rb2+ Rb4 42. Rc2 Rb3+ 0-1

[Event "European Youth Chess Championship G10"]
[Site "Prague, Top Hotel Prague"]
[Date "2016.08.19"]
[Round "2.32"]
[White "Denic, Hana"]
[Black "Vankova, Marie"]
[Result "0-1"]
[WhiteElo "1412"]
[BlackElo "1162"]
[PlyCount "122"]
[EventDate "2016.08.18"]

1. e4 e5 2. Nf3 Nc6 3. Bc4 Bc5 4. d3 Nf6 5. Bg5 d6 6. h3 Bd7 7. O-O Qe7 8. Nc3
h6 9. Nd5 Qd8 10. Bxf6 gxf6 11. Qd2 Be6 12. a3 Bxd5 13. Bxd5 Qd7 14. b4 Nd4 15.
Qd1 Rg8 16. Kh1 c6 17. bxc5 cxd5 18. Nxd4 exd4 19. Re1 O-O-O 20. Qf3 dxc5 21.
Qxf6 Rg6 22. Qf4 Rdg8 23. g4 Qe7 24. exd5 Qh4 25. Qh2 h5 26. f3 hxg4 27. hxg4
Qxh2+ 28. Kxh2 f5 29. Rg1 Rh8+ 30. Kg3 fxg4 31. fxg4 Rhg8 32. Kf3 Kd7 33. Rab1
b6 34. Rbe1 Kd6 35. Re6+ Rxe6 36. dxe6 Kxe6 37. Kf4 Kf6 38. g5+ Kg6 39. Rh1 a5
40. Rh6+ Kg7 41. Rxb6 Rf8+ 42. Kg4 Rf2 43. g6 Rg2+ 44. Kf5 Rf2+ 45. Kg5 Rg2+
46. Kf4 Rxc2 47. Kf5 Rf2+ 48. Kg5 Rg2+ 49. Kf4 Rxg6 50. Rxg6+ Kxg6 51. Ke5 Kg5
52. Kd5 Kf4 53. Kxc5 Ke3 54. Kc4 a4 55. Kb4 Kxd3 56. Kxa4 Kc2 57. Kb4 d3 58. a4
d2 59. a5 d1=Q 60. a6 Qd5 61. a7 Qb7+ 0-1

[Event "European Youth Chess Championship G10"]
[Site "Prague, Top Hotel Prague"]
[Date "2016.08.19"]
[Round "2.33"]
[White "Lappi, Aurora"]
[Black "Kowalczyk, Barbara"]
[Result "0-1"]
[WhiteElo "1372"]
[BlackElo "1100"]
[PlyCount "114"]
[EventDate "2016.08.18"]

1. e4 e5 2. Nf3 Nc6 3. Nc3 Nf6 4. Bd3 Bc5 5. O-O d6 6. Bb5 O-O 7. d3 Bg4 8. Qe2
Nd4 9. Qd1 c6 10. Bc4 Nd7 11. h3 Nxf3+ 12. gxf3 Bxh3 13. Kh1 Bxf1 14. Qxf1 Qh4+
15. Kg1 Nf6 16. Qg2 Nh5 17. d4 Bxd4 18. Nd1 Qg3 19. Ne3 Bxe3 20. Qxg3 Nxg3 21.
Bxe3 Nh5 22. Kf1 Nf4 23. Ke1 Ng2+ 24. Ke2 Nxe3 25. Kxe3 Rad8 26. Rh1 d5 27.
exd5 cxd5 28. Bd3 h6 29. f4 e4 30. Rg1 exd3 31. Kxd3 b5 32. f5 a5 33. f6 g6 34.
f4 Rd6 35. f5 Rxf6 36. Re1 Rxf5 37. c3 h5 38. b4 a4 39. Rh1 Rf2 40. Ra1 h4 41.
Kd4 h3 42. Kxd5 h2 43. c4 Rg2 44. Rh1 Rxa2 45. cxb5 a3 46. b6 Rc2 47. Kd6 a2
48. b7 Rb8 49. Kd5 Rxb7 50. Kd4 Ra7 51. Kd5 a1=Q 52. b5 Qxh1+ 53. Ke5 Rf2 54.
b6 Qe1+ 55. Kd6 Rd2+ 56. Kc6 Qc1+ 57. Kb5 Rb2# 0-1

[Event "European Youth Chess Championship G10"]
[Site "Prague, Top Hotel Prague"]
[Date "2016.08.19"]
[Round "2.34"]
[White "Deleu, Leen"]
[Black "Pshevskaya, Yana"]
[Result "1/2-1/2"]
[WhiteElo "1130"]
[BlackElo "1362"]
[PlyCount "39"]
[EventDate "2016.08.18"]

1. c4 c5 2. e3 d6 3. d4 Nd7 4. Nf3 Ngf6 5. Be2 e6 6. O-O a6 7. Nc3 Qc7 8. Bd2
Be7 9. Qc2 O-O 10. Ng5 h6 11. Nge4 b6 12. Bf3 Bb7 13. Nxf6+ Bxf6 14. Bxb7 Qxb7
15. Ne4 Be7 16. Qd3 Nf6 17. Nxf6+ Bxf6 18. d5 exd5 19. Qxd5 Qxd5 20. cxd5
1/2-1/2

[Event "European Youth Chess Championship G10"]
[Site "Prague, Top Hotel Prague"]
[Date "2016.08.19"]
[Round "2.35"]
[White "Berezovsky, Fiorina"]
[Black "Fizerova, Lucie"]
[Result "0-1"]
[WhiteElo "1105"]
[BlackElo "1338"]
[PlyCount "106"]
[EventDate "2016.08.18"]

1. Nf3 d5 2. g3 Nc6 3. d4 Bf5 4. Bg2 Qd7 5. Ne5 Nxe5 6. dxe5 O-O-O 7. b3 h5 8.
c4 d4 9. e4 Bh3 10. O-O Bxg2 11. Kxg2 h4 12. Qf3 f6 13. Qf5 Qxf5 14. exf5 fxe5
15. Nd2 Nf6 16. Re1 hxg3 17. fxg3 Ng4 18. Rh1 Ne3+ 19. Kf2 Nxf5 20. Bb2 g6 21.
Rae1 Bh6 22. Bc1 Be3+ 23. Kg2 Nd6 24. Nf3 Bxc1 25. Rxc1 Nf7 26. Rhe1 Rd7 27.
Nxe5 Nxe5 28. Rxe5 Rhd8 29. Rd1 c6 30. Re4 c5 31. h4 Kc7 32. Kf3 Kd6 33. g4 e5
34. h5 g5 35. Rd3 Rf7+ 36. Kg2 Rdf8 37. a3 Rf4 38. Rxf4 gxf4 39. Kf3 Re8 40. h6
e4+ 41. Ke2 exd3+ 42. Kxd3 f3 43. h7 Ke5 44. b4 cxb4 45. axb4 Kf4 46. Kxd4 f2
47. c5 f1=Q 48. g5 Qd1+ 49. Kc4 Re4+ 50. Kb5 Qd3+ 51. Ka4 Qc2+ 52. Ka5 Qa2+ 53.
Kb5 Qa6# 0-1

[Event "European Youth Chess Championship G10"]
[Site "Prague, Top Hotel Prague"]
[Date "2016.08.19"]
[Round "2.36"]
[White "Schneider, Anna"]
[Black "Zrmanovska, Mihaela"]
[Result "0-1"]
[WhiteElo "1332"]
[BlackElo "1091"]
[PlyCount "100"]
[EventDate "2016.08.18"]

1. e4 e5 2. Nf3 Nc6 3. d4 exd4 4. Bc4 Nf6 5. e5 d5 6. Bb5 Ne4 7. Nxd4 Bc5 8.
Nxc6 Bxf2+ 9. Kf1 bxc6 10. Bxc6+ Kf8 11. Bxa8 Ba6+ 12. Qd3 Bxd3+ 13. cxd3 Bd4
14. dxe4 Qxa8 15. exd5 Qxd5 16. Nd2 Qxe5 17. Nf3 Qf6 18. Bg5 Qa6+ 19. Ke1 Bxb2
20. Rd1 Bc3+ 21. Kf2 Bf6 22. Rhe1 Bxg5 23. Nxg5 Qf6+ 24. Nf3 g6 25. Kg1 Kg7 26.
Rd7 Qf4 27. Ne5 Re8 28. Rxf7+ Qxf7 29. Nxf7 Rxe1+ 30. Kf2 Ra1 31. Ne5 Rxa2+ 32.
Kg3 a5 33. Nc6 a4 34. Nb4 Rb2 35. Nd5 a3 36. Nxc7 a2 37. Ne6+ Kh6 38. Nf4 a1=Q
39. Kh3 Qa3+ 40. g3 Qa2 41. Kg4 g5 42. Nh3 Rb4+ 43. Kf3 Qa3+ 44. Kg2 Rb2+ 45.
Nf2 Qe3 46. Kh3 Rxf2 47. Kg4 Rxh2 48. Kf5 Rf2+ 49. Kg4 Qf3+ 50. Kh3 Qh5# 0-1